Self and community in a changing world (Record no. 4319)
[ view plain ]
| 000 -LEADER | |
|---|---|
| fixed length control field | 00503nam a2200193Ia 4500 |
| 003 - CONTROL NUMBER IDENTIFIER | |
| control field | 0100 |
| 008 - FIXED-LENGTH DATA ELEMENTS--GENERAL INFORMATION | |
| fixed length control field | 130227s9999 xx 000 0 und d |
| 040 ## - CATALOGING SOURCE | |
| Transcribing agency | ARRUPELIB |
| 050 ## - LIBRARY OF CONGRESS CALL NUMBER | |
| Classification number | B5378.P45M37 2010 |
| 100 ## - MAIN ENTRY--PERSONAL NAME | |
| Personal name | Masolo, D. A. |
| 245 ## - TITLE STATEMENT | |
| Title | Self and community in a changing world |
| 260 ## - PUBLICATION, DISTRIBUTION, ETC. (IMPRINT) | |
| Place of publication, distribution, etc | Bloomington and Indianapolis |
| 260 ## - PUBLICATION, DISTRIBUTION, ETC. (IMPRINT) | |
| Name of publisher, distributor, etc | Indiana University Press |
| 260 ## - PUBLICATION, DISTRIBUTION, ETC. (IMPRINT) | |
| -- | 2010 |
| 300 ## - PHYSICAL DESCRIPTION | |
| Extent | ix |
| 300 ## - PHYSICAL DESCRIPTION | |
| Other physical details | 343p. 24cm. |
| 650 ## - SUBJECT ADDED ENTRY--TOPICAL TERM | |
| Topical term following geographic name as entry element | English lanauge - Dictionaries - Zulu |
| 942 ## - ADDED ENTRY ELEMENTS (KOHA) | |
| Source of classification or shelving scheme | Library of Congress Classification |
| Koha issues (borrowed), all copies | 4 |
| Withdrawn status | Lost status | Source of classification or shelving scheme | Damaged status | Not for loan | Collection code | Home library | Current library | Shelving location | Date acquired | Total Checkouts | Full call number | Barcode | Date last seen | Date last borrowed | Copy number | Price effective from | Koha item type |
|---|---|---|---|---|---|---|---|---|---|---|---|---|---|---|---|---|---|
| Library of Congress Classification | Main Collection | ARRUPE LIBRARY | ARRUPE LIBRARY | 27/02/2013 | 16 | B5378.P45M37 2010 | 46405425 | 23/01/2024 | 18/12/2023 | 1 | 27/02/2013 | Monograph ( Printed materials) |